Hướng dẫn sử dụng CorelDRAW 9 /

Thiết kế trang bản vẽ; Vẽ và tạo hình các đối tượng; Style và templates (kiểu và khuôn mẫu); Tổ chức các đối tượng; Tô và tạo khung đối tượng; Biến đổi các đối tượng...

Gespeichert in:
Bibliographische Detailangaben
1. Verfasser: Trương Văn Thiện.
Weitere Verfasser: Nguyễn Ngọc Huyên.
Format: Buch
Sprache:Vietnamese
Veröffentlicht: Tp.HCM : Thống kê, 1999.
Schlagworte:
Tags: Tag hinzufügen
Keine Tags, Fügen Sie den ersten Tag hinzu!
Thư viện lưu trữ: Mạng thư viện Đại học Đà Nẵng
LEADER 01215cam a2200385 i 4500
001 000042390
003 264
005 20041029102344.0
008 010217b1999 vm 000 vie
020 |c 68000 
022 |a T 
040 |a IRC  |c IRC  |d IRC 
041 0 |a vie 
082 1 4 |a 006.6  |b TR-T 
100 1 |a Trương Văn Thiện. 
245 1 0 |a Hướng dẫn sử dụng CorelDRAW 9 /  |c Trương Văn Thiện, Nguyễn Ngọc Huyên. 
260 |a Tp.HCM :  |b Thống kê,  |c 1999. 
300 |a 642 tr. ;  |c 24 cm. 
520 3 |a Thiết kế trang bản vẽ; Vẽ và tạo hình các đối tượng; Style và templates (kiểu và khuôn mẫu); Tổ chức các đối tượng; Tô và tạo khung đối tượng; Biến đổi các đối tượng... 
630 0 4 |a Tin học. 
630 0 4 |a Corel DRAW. 
630 0 4 |a Đồ hoạ. 
630 0 4 |a Computer graphics. 
650 0 4 |a Corel DRAW (Phần mềm máy tính) 
700 1 |a Nguyễn Ngọc Huyên. 
OWN |a DUT 
999 |a From the UDN01 
TYP |a Monograph 
TYP |a Printed language 
980 |a Mạng thư viện Đại học Đà Nẵng